000 00826nam a2200253 i 4500
001 bg
100 1 _aBOGUSZ, Władysław
245 1 0 _aElektrolity stałe :
_bwłaściwości elektryczne i sposoby ich pomiaru /
_cWładysław Bogusz, Franciszek Krok.
260 _aWarszawa :
_bWydawnictwa Naukowo-Techniczne,
_c1995.
300 _a143, [1] s. :
_bwykr. ;
_c24 cm.
504 _aBibliogr. - Indeks.
650 9 _aOgniwa elektrochemiczne
650 9 _aElektrolity
_ybadanie
650 9 _aElektrochemia
700 1 _aKROK, Franciszek
020 _a8320418046
040 _cBPK
041 0 _apol
080 _a544.6
920 _a83-204-1804-6
942 _cKS
008 s pl f |000 0 pol
999 _c42715
_d42715
856 _uhttp://koha.tu.koszalin.pl/cgi-bin/koha/opac-detail.pl?biblionumber=42715
_yKatalog online BPK